000
00240nam a2200097Ia 4500
008
240331s9999 xx 000 0 und d
082
_b
GUN
100
_a
Gunarathna, D.K
245
0
_a
Pruthuvikaranaya saha hejamaniye nawa swarupaya
942
_c
L
999
_c
5608
_d
5608